000 01003nam a2200229Ia 4500
001 L200-54532
003 IT-CnALBA
008 170116s9999||||xx |||||||||||||| ||und||
040 _aIT-CnALBA
_cIT-CnALBA
041 _aITALIANO
100 _aCANOBBIO MARISA
245 0 _aTONINO BELLO. ELEMENTI PER UNA BIOGRAFIA LETTERARIA TRA PROFEZIA E POESIA.
250 _a1a ed.
260 _a ROMA
_bLAS - LIBRERIA ATENEO SALESIANO
_c1998 [1° Ed.:1998 - Ed.Ling.Originale: 1998]
300 _a118 p.
500 _aLA VITA. OPERE E CONTENUTO. SCELTE LINGUISTICHE E LESSICALI. STILE EPISTOLARE COME FONDAMENTO DELLA COMUNICAZIONE. PROSA POETICA.
501 _aSocietà San Paolo EM - Piazza San Paolo, 14 - 12051 ALBA (CN) (non commercial uses only) ® Copyright 2017
520 _aLA VITA. OPERE E CONTENUTO. SCELTE LINGUISTICHE E LESSICALI. STILE EPISTOLARE COME FONDAMENTO DELLA COMUNICAZIONE. PROSA POETICA.
650 _aRELIGIONE - RELIGIONE CRISTIANA
942 _cBK
957 _71
999 _a72022
_bNO
_g Copie: 1
_c313401
_d313401